Online Catalogue and eLibrary

Vivi (Record no. 5594)

MARC details
000 -LEADER
fixed length control field 00393nam a2200157Ia 4500
005 - DATE AND TIME OF LATEST TRANSACTION
control field 20250606032027.0
008 - FIXED-LENGTH DATA ELEMENTS--GENERAL INFORMATION
fixed length control field 240331s9999 xx 000 0 und d
020 ## - INTERNATIONAL STANDARD BOOK NUMBER
ISBN 9559261258
082 ## - DDC Classification
Item Number - Author Mark LIY
Class No. 305
100 ## - MAIN ENTRY--PERSONAL NAME
Personal name Liyanage, P
245 #0 - TITLE STATEMENT
Title Vivi
260 ## - PUBLICATION, DISTRIBUTION, ETC.
Place of publication, distribution, etc. Colombo
Name of publisher, distributor, etc. Women Education & Research Centre
300 ## - PHYSICAL DESCRIPTION
Extent (e.g. Volumes, Pages etc.) 125 p ., ( c 2)
500 ## - GENERAL NOTE
General note A book about vivi & gunawardana
942 ## - Koha item type (Biblio)
Koha item type Books in Stacks (Lending)
Holdings
Lost status Damaged status Collection code Home library Current library Shelving location Date acquired Full call number Accession Number Item type
    Lending WERC Library WERC Library Social Science Cupboard 03/31/2024 920 LIY 4827 Books in Stacks (Lending)

© WERC Library